Ekonomika kvality Problémy, riešenia

Problém ekonomiky kvality. Hľadanie riešenia problému v evidencii a sledovaní v rámci platnej účtovej osnovy z hľadiska vplyvu kvality na konkrétne ukazovatele ekonomickej úrovne podniku, resp. jeho hospodárskych výsledkov. Ako vyplýva z analýzy, pre prosperitu firmy nie je dôležitá štrukturalizácia...

Full description

Saved in:
Bibliographic Details
Main Author: Štefánik, J.
Format: Book Chapter
Language:Slovak
Subjects:
Tags: Add Tag
No Tags, Be the first to tag this record!

MARC

LEADER 00000naa a2200000 4500
001 r022032
005 20230922083929.6
041 0 |a slo 
044 |a CZ 
245 1 0 |a Ekonomika kvality  |b Problémy, riešenia  |c J. Štefánik 
520 |a Problém ekonomiky kvality. Hľadanie riešenia problému v evidencii a sledovaní v rámci platnej účtovej osnovy z hľadiska vplyvu kvality na konkrétne ukazovatele ekonomickej úrovne podniku, resp. jeho hospodárskych výsledkov. Ako vyplýva z analýzy, pre prosperitu firmy nie je dôležitá štrukturalizácia nákladov na kvalitu, ale kvalita práce obsiahnutá v tých aktivitách, kde dochádza k spotrebe výrobných činiteľov a teda vzniku nákladov. Určenie efektívnosti zvýšenia úrovne kvality výrobkov - služieb. Použitie ukazovateľov efektívnosti. 
610 2 0 |a kvalita 
610 2 0 |a efektívnosť 
610 2 0 |a kvalita výrobkov 
610 2 0 |a prosperita ekonomická 
610 2 0 |a ukazovatele efektívnosti 
610 2 0 |a náklady 
610 2 0 |a riadenie kvality 
610 2 0 |a kvalita práce 
100 1 |a Štefánik, J.